Central Library OPAC University of Rajshahi

Notter's essentials of nursing research/ (Record no. 59095)

MARC details
000 -LEADER
fixed length control field 00699nam a2200229 4500
001 - CONTROL NUMBER
control field 59095
003 - CONTROL NUMBER IDENTIFIER
rucl marc code BD-RjUL
005 - DATE AND TIME OF LATEST TRANSACTION
control field 20211209080707.0
008 - FIXED-LENGTH DATA ELEMENTS--GENERAL INFORMATION
fixed length control field 161221r19992006N ||||| |||| 00| 0 eng d
020 ## - INTERNATIONAL STANDARD BOOK NUMBER
International Standard Book Number 9780826116079
035 ## - SYSTEM CONTROL NUMBER
System control number (BD-RjUL)59219
040 ## - CATALOGING SOURCE
Language of cataloging eng
Transcribing agency BD-RjUL
041 ## - LANGUAGE CODE
Language code of text/sound track or separate title eng
082 ## - DEWEY DECIMAL CLASSIFICATION NUMBER
Edition number 23
Classification number 610.73072
Author mark and year HON 1999[2006]
100 ## - MAIN ENTRY--PERSONAL NAME
Personal name Hott, Jacqueline Rose ; Budin, Wendy C.
9 (RLIN) 175746
245 01 - TITLE STATEMENT
Title Notter's essentials of nursing research/
Statement of responsibility, etc. Jacqueline Rose Hott ; Wendy C. Budin.
260 ## - PUBLICATION, DISTRIBUTION, ETC. (IMPRINT)
Place of publication, distribution, etc. New York, N.Y. :
Name of publisher, distributor, etc. Springer,
Date of publication, distribution, etc. ©1999.
300 ## - PHYSICAL DESCRIPTION
Pagination xii, 212 p. :
Illustrations illustrations;
Size 23cm.
500 ## - GENERAL NOTE
General note Includes index
650 ## - SUBJECT ADDED ENTRY--TOPICAL TERM
Topical term or geographic name as entry element Nursing--Research
9 (RLIN) 171699
942 ## - ADDED ENTRY ELEMENTS (KOHA)
Source of classification or shelving scheme Dewey Decimal Classification
Koha item type Books
Holdings
Lost status Source of classification or shelving scheme Damaged status Not for loan Permanent Location Current Location Shelving location Date acquired Source of acquisition Cost, normal purchase price Total Checkouts Full call number Date last seen Copy number Koha item type
  Dewey Decimal Classification   Not For Loan Institute of Biological Sciences (IBSc) Library Institute of Biological Sciences (IBSc) Library Institute Library 01/12/2016 Paragon 531.00   610.73072 HON 1999[2006] 21/12/2016 C-1 Books